La Europa del siglo XVII
Uloženo v:
| Hlavní autor: | |
|---|---|
| Médium: | Kniha |
| Jazyk: | španělština |
| Vydáno: |
Madrid
Anaya
1989
|
| Edice: | Biblioteca Básica. Historia
|
| Témata: | |
| Tagy: |
Přidat tag
Žádné tagy, Buďte první, kdo vytvoří štítek k tomuto záznamu!
|
MARC
| LEADER | 00000nam a2200000 a 4500 | ||
|---|---|---|---|
| 001 | UCX1672 | ||
| 003 | CL-VaPUC | ||
| 008 | 901016e19890000SP |||||||||||||||||spa|d | ||
| 082 | 0 | 4 | |a 940.252 |b BEN |2 21 |
| 100 | |a Bennassar, Bartolomé |e author |9 313507 | ||
| 245 | 1 | 3 | |a La Europa del siglo XVII |
| 300 | |a 95 p | ||
| 942 | |c BK | ||
| 945 | |d 19901016 00:00:00 | ||
| 260 | |a Madrid |b Anaya |c 1989 | ||
| 650 | 0 | |a Historia |y Siglo 17 |9 255532 | |
| 651 | 0 | |a Europa |9 255156 | |
| 583 | |a last modification |c 19901016 00:00:00 |k Rodrigo Vera | ||
| 490 | 0 | |a Biblioteca Básica. Historia | |
| 999 | |c 222851 |d 222849 | ||
| 952 | |0 0 |1 0 |4 0 |6 940_252000000000000_BEN_1989 |7 0 |8 A |9 218116 |a BIBHIS |b BIBHIS |d 2019-11-15 |i 2869683 |o 940.252 BEN 1989 |p 2869683 |r 2025-01-20 |w 2019-11-15 |y BK |k HIS | ||